Statistiques concernant Tous les joueurs de l'AC Milan depuis 2010

Cliquez ici pour prendre le quiz!

Statistiques générales

  • Ce quiz a été pris 43 fois
    (2 depuis la dernière actualisation)
  • Le résultat moyen est 51 sur 182

Statistiques - réponses

Poste(s)NationalitéSaison(s)Réponse% Correct
MilieuItalie2001-2011Andrea Pirlo
100%
MilieuEspagne2020-2023Brahim Díaz
100%
MilieuBelgique2022-Charles De Ketelaere
100%
Milieu/attaquantEtats-Unis2023-Christian Pulisic
100%
GardienRoumanie2020-2023Ciprian Tătăruşanu
100%
DéfenseurAngleterre2021-Fikayo Tomori
100%
MilieuTurquie2017-2021Hakan Çalhanoğlu
100%
MilieuAlgérie2019-Ismaël Bennacer
100%
MilieuJapon2014-2017Keisuke Honda
100%
AttaquantItalie2013-2014
2015-2016
Mario Balotelli
100%
AttaquantCroatie2020-2021Mario Mandžukić
100%
AttaquantSénégal2012-2018M'Baye Niang
100%
MilieuGhana2014-2015Michael Essien
100%
GardienFrance2021-Mike Maignan
100%
MilieuPays-Bas2012-2016Nigel de Jong
100%
AttaquantFrance2021-Olivier Giroud
100%
DéfenseurFrance2020-Pierre Kalulu
100%
AttaquantPortugal2019-Rafael Leão
100%
MilieuBrésil2008-2011Ronaldinho
100%
MilieuItalie2020-2023Sandro Tonali
100%
DéfenseurFrance2019-Théo Hernandez
100%
MilieuFrance2021-Yacine Adli
100%
AttaquantSuède2010-2012
2020-2023
Zlatan Ibrahimović
100%
DéfenseurFrance2014-2015Adil Rami
50%
MilieuItalie2011-2012Alberto Aquilani
50%
DéfenseurItalie2021-Alessandro Florenzi
50%
DéfenseurItalie2002-2012Alessandro Nesta
50%
MilieuBelgique2020-Alexis Saelemaekers
50%
AttaquantPortugal2017-2020André Silva
50%
AttaquantCroatie2019-2023Ante Rebic
50%
GardienItalie2017-2021Antonio Donnarumma
50%
AttaquantColombie2015-2018Carlos Bacca
50%
GardienItalie1998-2016Christian Abbiati
50%
MilieuPays-Bas2002-2012Clarence Seedorf
50%
DéfenseurColombie2012-2019Cristián Zapata
50%
MilieuItalie2020-Daniel Maldini
50%
DéfenseurItalie2015-Davide Calabria
50%
GardienEspagne2014-2017Diego Lopez
50%
DéfenseurPortugal2020-2021Diogo Dalot
50%
AttaquantBelgique2022-Divock Origi
50%
AttaquantEspagne2014-2016Fernando Torres
50%
AttaquantItalie2001-2012Filippo Inzaghi
50%
MilieuItalie2024-Filippo Terracciano
50%
DéfenseurSénégal2021-Fodé Ballo-Touré
50%
MilieuItalie1999-2012Gennaro Gattuso
50%
DéfenseurItalie2008-2012Gianluca Zambrotta
50%
GardienItalie2015-2021Gianluigi Donnarumma
50%
AttaquantArgentine2018-2019Gonzalo Higuaín
50%
DéfenseurItalie
2003-2008
2011-2015
Ignazio Abate
50%
Milieu/attaquantFrance2014-2016Jérémy Menez
50%
MilieuBrésil2021-Junior Messias
50%
MilieuBrésil2003-2009
2013-2014
Kaká
50%
MilieuGhana2010-2013
2015-2016
Kevin-Prince Boateng
50%
AttaquantPologne2019-2020Krzysztof Piątek
50%
AttaquantSerbie2023-Luka Jović
50%
DéfenseurAllemagne2022-Malick Thiaw
50%
DéfenseurColombie2010-2013Mario Yepes
50%
MilieuItalie1995-2013Massimo Ambrosini
50%
MilieuFrance2008-2013Mathieu Flamini
50%
DéfenseurItalie2011-2017Mattia De Sciglio
50%
AttaquantArgentine2011-2012Maxi López
50%
AttaquantSuisse2023-Noah Okafor
50%
DéfenseurFrance2011-2016Phillipe Mexès
50%
MilieuBosnie2019-Rade Krunić
50%
MilieuItalie2012-2019Riccardo Montolivo
50%
AttaquantBrésil2010-2015Robinho
50%
MilieuAngleterre2023-Ruben Loftus-Cheek
50%
Milieu/attaquantEspagne2018-2022Samu Castillejo
50%
DéfenseurDanemark2020-Simon Kjær
50%
DéfenseurGréce2010-2011Sokrátis
50%
AttaquantItalie2011-2016Stephan El Shaarawy
50%
MilieuGhana2012-2015Sulley Muntari
50%
Milieu/attaquantEspagne2015-2020Suso
50%
DéfenseurNigéria2011-2013Taye Taiwo
50%
DéfenseurBrésil2009-2012Thiago Silva
50%
MilieuFrance2018-2019
2021-2023
Tiémoué Bakayoko
50%
MilieuPays Bas2023-Tijjani Reijnders
50%
MilieuItalie2018-Tommaso Pobega
50%
MilieuSlovénie2013-2015Valter Birsa
50%
MilieuMaroc2013-2014Adel Taarabt
0%
MilieuCroatie2018-2020Alen Halilović
0%
MilieuItalie2014-2015Alessandro Mastalli
0%
AttaquantItalie2002-2007
2013-2016
Alessandro Matri
0%
AttaquantItalie2015-2016Alessio Cerci
0%
DéfenseurItalie2015-2022Alessio Romagnoli
0%
DéfenseurBrésil2014-2016Alex
0%
MilieuKazakhstan2010-2011
2012-2013
Alexander Merkel
0%
AttaquantBrésil2008-2013Alexandre Pato
0%
DéfenseurEspagne2023-Álex Jiménez
0%
Défenseur | MilieuItalie2015-2019Andrea Bertolacci
0%
DéfenseurItalie2017-2022Andrea Conti
0%
AttaquantItalie2012-2016Andrea Petagna
0%
MilieuItalie2013-2017Andrea Poli
0%
AttaquantItalie2011-2012Antonio Cassano
0%
GardienItalie2021-Antonio Mirante
0%
MilieuItalie2011-2016Antonio Nocerino
0%
GardienBosnie2019-2020Asmir Begović
0%
MilieuBelgique2022-2023Aster Vranckx
0%
MilieuMali2012-2014Bakaye Traoré
0%
AttaquantEspagne2012-2013Bojan Krkić
0%
MilieuItalie2011-2014Bryan Cristante
0%
AttaquantCôte d'Ivoire2023-Chaka Traorè
0%
DéfenseurItalie2013-2015Cristian Zaccardo
0%
DéfenseurItalie2006-2015Daniele Bonera
0%
DéfenseurItalie2023-Davide Bartesaghi
0%
AttaquantItalie2014-2016Davide Di Molfetta
0%
DéfenseurEspagne2011-2015Dídac Vilà
0%
Milieu/défenseurUruguay2018-2021Diego Laxalt
0%
AttaquantItalie2014-2015
Mattia Destro
0%
DéfenseurAlgérie2012-2013Djamel Mesbah
0%
MilieuItalie2018-2019Emanuele Torrasi
0%
GardienItalie2009-2012Flavio Roma
0%
DéfenseurItalie2012-2013Francesco Acerbi
0%
AttaquantItalie2023-Francesco Camarda
0%
MilieuCôte d'Ivoire2017-2022Franck Kessié
0%
GardienBrésil2012-2018Gabriel
0%
DéfenseurItalie2015-2018Gabriel Paletta
0%
AttaquantEspagne2016-2017Gerard Deulofeu
0%
AttaquantItalie2010-2017Giacomo Beretta
0%
MilieuItalie2014-2020Giacomo Bonaventura
0%
AttaquantItalie2012-2015Giampaolo Pazzini
0%
DéfenseurItalie2015-2019Gian Filippo Felicioli
0%
AttaquantPérou2016-2018Gianluca Lapadula
0%
DéfenseurParaguay2016-2019Gustavo Gomez
0%
DéfenseurCroatie2018-2019Ivan Strinić
0%
DéfenseurSerbie2023-Jan-Carlo Simić
0%
Milieu/attaquantNorvège2020-2022Jens Petter Hauge
0%
MilieuItalie2015-2019José Mauri
0%
MilieuArgentine2016-2017José Sosa
0%
MilieuSlovaquie2015-2017Juraj Kucka
0%
DéfenseurGuinée2012-2014Kevin Constant
0%
MilieuItalie2023-Kevin Zeroli
0%
DéfenseurBrésil2019-2022Léo Duarte
0%
DéfenseurItalie2017-2018Leonardo Bonucci
0%
DéfenseurArgentine2016-2017Leonel Vangioni
0%
AttaquantItalie2020-Lorenzo Colombo
0%
DéfenseurItalie
2006-2008
2015-2018
Luca Antonelli
0%
DéfenseurItalie2008-2013Luca Antonini
0%
MilieuArgentine2017-2018Lucas Biglia
0%
AttaquantArgentine2016-2017Lucas Ocampos
0%
MilieuBrésil2019-2020Lucas Paquetá
0%
DéfenseurItalie2021-Luca Stanga
0%
AttaquantBrésil2015-2017Luiz Adriano
0%
MilieuArgentine2023-Luka Romero
0%
MilieuItalie2015-2019Manuel Locatelli
0%
GardienItalie2010-2014Marco Amelia
0%
AttaquantItalie2002-2007
2008-2010
Marco Borriello
0%
MilieuItalie2020-2023Marco Brescianini
0%
DéfenseurArgentine2023-Marco Pellegrino
0%
GardienItalie2023-Marco Sportiello
0%
GardienItalie2007-2010
2017-2018
Marco Storari
0%
MilieuPays-Bas2014-2015Marco van Ginkel
0%
DéfenseurRépublique Tchéque2005-2011Marek Jankulovski
0%
MilieuCroatie2016-2017Mario Pašalić
0%
AttaquantSerbie2022-Marko Lazetić
0%
MilieuPays-Bas2011-2012Mark van Bommel
0%
DéfenseurItalie2007-2012Massimo Oddo
0%
DéfenseurArgentine2017-2021Mateo Musacchio
0%
MilieuChili2016-2017Matías Fernández
0%
DéfenseurArgentine2013-2014Matías Silvestre
0%
DéfenseurItalie2017-Matteo Gabbia
0%
DéfenseurItalie2018-Mattia Caldara
0%
MilieuItalie2017-2019Niccolò Zanellato
0%
DéfenseurItalie2010-2011Nicola Legrottaglie
0%
AttaquantCroatie2017-2018Nikola Kalinić
0%
AttaquantNigéria2010-2011Nnamdi Oduamadi
0%
DéfenseurColombie2014-2015Pablo Armero
0%
AttaquantItalie2017-2019Patrick Cutrone
0%
GardienEspagne2018-2020Pepe Reina
0%
AttaquantItalie2021-2022Pietro Pellegri
0%
DéfenseurSuisse2017-2020Ricardo Rodríguez
0%
MilieuItalie2013-2015Riccardo Saponara
0%
MilieuSierra Leone2008-2013Rodney Strasser
0%
DéfenseurBrésil2015-2017Rodrigo Ely
0%
DéfenseurItalie2014-2015Salvatore Bocchetti
0%
Milieu/attaquantNigéria2023-Samuel Chukwueze
0%
DéfenseurEtats-Unis2022-2023Sergiño Dest
0%
MilieuFrance2020-2021Soualiho Meïté
0%
DéfenseurRépublique Tchéque2014-2019Stefan Simic
0%
MilieuPays-Bas2011-2014Urby Emanuelson
0%
MilieuEtats-Unis2023-Yunus Musah
0%

Distribution des résultats

Percentile par nombre de réponses

% des personnes avec chaque résultat

Votre développement - résultats

Vous n’avez pas pris ce quiz depuis la dernière actualisation